Ο Μακεδονικός αγών 1903-1908 και η συμβολή των κατοίκων εις την απελευθέρωσιν της Μακεδονίας
Αποθηκεύτηκε σε:
| Κύριος συγγραφέας: | |
|---|---|
| Μορφή: | Βιβλίο |
| Γλώσσα: | Greek |
| Δημοσίευση: |
Θεσσαλονίκη :
[χ.ό.],
1965-1976.
|
| Θέματα: | |
| Ετικέτες: |
Προσθήκη ετικέτας
Δεν υπάρχουν, Καταχωρήστε ετικέτα πρώτοι!
|
MARC
| LEADER | 00000cam a2200000 i 4500 | ||
|---|---|---|---|
| 001 | 1/93977 | ||
| 008 | 080916m19651976gr | ||| |||| ||gre|| | ||
| 035 | |l 10100201 | ||
| 040 | |a GR-MY-UA |b gre |e aacr | ||
| 041 | 0 | |a gre | |
| 082 | 7 | |a 938.664 | |
| 100 | 1 | |a Ανεστόπουλος, Άγγελος Κ. | |
| 245 | 1 | 2 | |a Ο Μακεδονικός αγών 1903-1908 και η συμβολή των κατοίκων εις την απελευθέρωσιν της Μακεδονίας / |c Άγγελου Κ. Ανεστόπουλου. |
| 260 | |a Θεσσαλονίκη : |b [χ.ό.], |c 1965-1976. | ||
| 300 | |a 3 τ. : |b φωτ. ; |c 24 εκ. | ||
| 504 | |a Περιλαμβάνει βιβλιογραφίες. | ||
| 650 | 0 | 0 | |a Greeks |z Macedonia |x History |y 20th century. |
| 651 | 0 | |a Macedonia (Greece) |x History |y 1903-1908. | |
| 852 | |a INST |b RHODES |c AKA |e 20080916 |h 938.664 ΑΝΕ |p 005400028348 |q 005400028348 |t BK |v τ.3: |y 0 |z τ.3 | ||
| 852 | |a INST |b RHODES |c AKA |e 20081215 |h 938.664 ΑΝΕ |p 005400031561 |q 005400031561 |t BK |v τ.2: |y 0 |z τ.2 | ||
| 852 | |a INST |b RHODES |c AKA |e 20190920 |h 938.664 ΑΝΕ |p 005400041129 |q 005400041129 |t BK |v τ.1: |y 0 | ||
| 853 | |a INST |b RHODES |c AKA |h 938.664 ΑΝΕ | ||
| 901 | |a BIBL4-2008-3 | ||
| 909 | |a Ρ |b 153003 | ||
| 909 | |a Ρ |b 156631 | ||
| 970 | |a ΧΑΡΙΟΠΟΛΙΤΟΥ |b ΚΩΝΣΤΑΝΤΙΝΑ |z 2008/09/16 | ||